00651nam a2200193Ia 4500999001700000003000400017005001700021008004100038040000600079082001600085100002300101245007400124260008500198300001200283650003200295650003100327942001200358952008700370 c28620d28620OSt20250827105126.0250310s9999||||xx |||||||||||||| ||und|| c. a621.3bT398 940aTheraja, B. L. 0aA Textbook of Electrical technology in S.I. units /cby B. L. Theraja a New Delhi :bPublication Division of Nirja Construction and Development,c1985. a1604 p. 092749aElectrical technology 0911aElectrical Engineering cBK2ddc 00102ddc4070aCLbCLd2025-03-10o621.3 T398p06792r2025-03-10w2025-03-10yBK